Theory of probability : a critical introductory treatment /
Guardado en:
| Autor Principal: | |
|---|---|
| Formato: | Libro |
| Idioma: | English Italian |
| Publicado: |
London :
Wiley,
c1974-c1975.
|
| Series: | Wiley series in probability and mathematical statistics
|
| Materias: | |
| Etiquetas: |
Agregar Etiqueta
Sin Etiquetas, Sea el primero en etiquetar este registro!
|
| LEADER | 00976cam a2200265 a 4500 | ||
|---|---|---|---|
| 001 | MAT.inmabb002946 | ||
| 008 | 740104m19741975enka##########001#0#eng## | ||
| 005 | 20130226153955.0 | ||
| 245 | 1 | 0 | |a Theory of probability : |b a critical introductory treatment / |c Bruno de Finetti ; translated by Antonio Machí and Adrian Smith. |
| 260 | |a London : |b Wiley, |c c1974-c1975. | ||
| 300 | |a 2 v. : |b il. ; |c 24 cm. | ||
| 490 | 0 | |a Wiley series in probability and mathematical statistics | |
| 500 | |a Traducción de: Teoria delle probabilità. Torino : G. Einaudi, 1970. | ||
| 510 | 4 | |a MR, |c 55 #13514a | |
| 020 | |a 0471201413 (v. 1) | ||
| 020 | |a 0471201421 (v. 2) | ||
| 100 | 1 | |a De Finetti, Bruno. | |
| 240 | 1 | 0 | |a Teoria delle probabilità. |l Inglés |
| 650 | 0 | |a Probabilities. | |
| 084 | |a 60A05 |2 MR | ||
| 010 | |a 73010744 | ||
| 040 | |a DLC |c DLC |d DLC | ||
| 041 | 1 | |a eng |h ita | |
| 859 | |h 60 |i D313t |p A-4860 |v 1 |3 Vol. 1 |b BIB. MATEMATICA | ||
| 859 | |h 60 |i D313t |p A-4861 |v 2 |3 Vol. 2 |b BIB. MATEMATICA | ||
